The ethics of sports coaching / (Record no. 99262)

MARC details
000 -LEADER
fixed length control field 01013cam a22003014a 4500
001 - CONTROL NUMBER
control field 16300389
003 - CONTROL NUMBER IDENTIFIER
control field URS
005 - DATE AND TIME OF LATEST TRANSACTION
control field 20260326151013.0
008 - FIXED-LENGTH DATA ELEMENTS--GENERAL INFORMATION
fixed length control field 100624s2011 enk b 001 0 eng
010 ## - LIBRARY OF CONGRESS CONTROL NUMBER
LC control number 2010025698
020 ## - INTERNATIONAL STANDARD BOOK NUMBER
International Standard Book Number 9780415557740
Qualifying information hbk
020 ## - INTERNATIONAL STANDARD BOOK NUMBER
International Standard Book Number 9780415557757
Qualifying information pbk
020 ## - INTERNATIONAL STANDARD BOOK NUMBER
International Standard Book Number 9780203868447
Qualifying information ebk
040 ## - CATALOGING SOURCE
Original cataloging agency DLC
Transcribing agency DLC
Language of cataloging eng
Modifying agency URS
Description conventions rda
050 14 - LIBRARY OF CONGRESS CALL NUMBER
Classification number GV711
Item number .Et373 2011
100 1# - MAIN ENTRY--PERSONAL NAME
Personal name Hardman, Alun R.
Relator term editor;
245 04 - TITLE STATEMENT
Title The ethics of sports coaching /
Statement of responsibility, etc. edited by Alun R. Hardman and Carwyn Jones.
264 #1 - PRODUCTION, PUBLICATION, DISTRIBUTION, MANUFACTURE, AND COPYRIGHT NOTICE
Place of production, publication, distribution, manufacture Milton Park, Abingdon, Oxon ;
-- New York :
Name of producer, publisher, distributor, manufacturer Routledge,
Date of production, publication, distribution, manufacture, or copyright notice 2011.
300 ## - PHYSICAL DESCRIPTION
Extent xi, 222 pages ;
Dimensions 25 cm
336 ## - CONTENT TYPE
Content type term text
Content type code txt
Source rdacontent
337 ## - MEDIA TYPE
Media type term unmediated
Media type code n
Source rdamedia
338 ## - CARRIER TYPE
Carrier type term volume
Carrier type code nc
Source rdacarrier
504 ## - BIBLIOGRAPHY, ETC. NOTE
Bibliography, etc. note Includes bibliographical references and index.
650 #0 - SUBJECT ADDED ENTRY--TOPICAL TERM
Topical term or geographic name entry element Coaching (Athletics)
650 #0 - SUBJECT ADDED ENTRY--TOPICAL TERM
Topical term or geographic name entry element Sports
General subdivision Moral and ethical aspects.
700 1# - ADDED ENTRY--PERSONAL NAME
Personal name Jones, Carwyn Rhys.
Relator term editor;
942 ## - ADDED ENTRY ELEMENTS (KOHA)
Source of classification or shelving scheme Library of Congress Classification
Koha item type Foreign Books
Classification part GV711
Item part .Et373 2011
Holdings
Withdrawn status Source of classification or shelving scheme Damaged status Not for loan Home library Current library Shelving location Date acquired Total Checkouts Full call number Barcode Date last seen Price effective from Koha item type
  Library of Congress Classification     Angono College Library Angono College Library Foreign Section 03/22/2026   GV711 .Et373 2011 URSANG-3052 03/22/2026 03/22/2026 Foreign Books

University of Rizal System
Email us at univlibservices@urs.edu.ph

Visit our Website www.urs.edu.ph/library